[Event "Skalica Open 2019"]
[Site "Skalica"]
[Date "2019.08.27"]
[Round "4.23"]
[White "Skreko, Igor"]
[Black "Krupnova, Anna"]
[Result "1-0"]
[WhiteElo "1725"]
[BlackElo "1712"]
[Annotator "NA"]
[PlyCount "111"]
[EventDate "2019.08.25"]
[EventType "swiss"]
[EventCountry "SVK"]
[SourceTitle "playchess.com"]
[Source "ChessBase"]
[SourceQuality "1"]
[TimeControl "40/5400+30:1800+30"]

1. c4 {[%emt 0:00:00]} e5 {[%emt 0:00:00]} 2. Nc3 {[%emt 0:00:00]} Nf6 {[%emt 0:00:00]} 3. g3 {[%emt 0:00:00]} c6 {[%emt 0:02:14]} 4. d4 {[%emt 0:00:00]} exd4 {[%emt 0:00:16]} 5. Qxd4 {[%emt 0:00:00]} d5 {[%emt 0:00:16]} 6. Bg5 {[%emt 0:01:33]} Be7 {[%emt 0:02:16]} 7. Bg2 {[%emt 0:09:12]} Be6 {[%emt 0:02:17]} 8. cxd5 {[%emt 0:01:00]} cxd5 {[%emt 0:00:21]} 9. e3 {[%emt 0:01:48]} Nc6 {[%emt 0:00:59]} 10. Qd2 {[%emt 0:01:36]} O-O {[%emt 0:08:05]} 11. Rd1 {[%emt 0:07:15]} Qa5 {[%emt 0:16:25]} 12. Bxf6 {[%emt 0:17:21]} Bxf6 {[%emt 0:03:33]} 13. Nge2 {[%emt 0:02:15]} Rad8 {[%emt 0:09:48]} 14. Nf4 {[%emt 0:14:15]} d4 {[%emt 0:03:55]} 15. Ncd5 {[%emt 0:09:27]} Qxd2+ {[%emt 0:17:08]} 16. Rxd2 {[%emt 0:01:42]} dxe3 {[%emt 0:05:08]} 17. fxe3 {[%emt 0:00:59]} Be5 {[%emt 0:02:28]} 18. Rf1 {[%emt 0:13:13]} g5 {[%emt 0:10:24]} 19. Nxe6 {[%emt 0:01:50]} fxe6 {[%emt 0:00:24]} 20. Rxf8+ {[%emt 0:00:11]} Kxf8 {[%emt 0:01:41]} 21. Nc3 {[%emt 0:00:12]} Rxd2 {[%emt 0:08:35]} 22. Kxd2 {[%emt 0:00:09]} Ke7 {[%emt 0:00:37]} 23. b3 {[%emt 0:02:00]} Kd7 {[%emt 0:01:29]} 24. Ne4 {[%emt 0:01:51]} g4 {[%emt 0:02:26]} 25. Nc5+ {[%emt 0:00:29]} Ke7 {[%emt 0:00:40]} 26. Nxb7 {[%emt 0:00:37]} Nb4 {[%emt 0:00:25]} 27. a3 {[%emt 0:01:29]} Nd5 {[%emt 0:00:20]} 28. Bxd5 {[%emt 0:01:35]} exd5 {[%emt 0:00:07]} 29. Nc5 {[%emt 0:01:38]} Bd6 {[%emt 0:01:01]} 30. b4 {[%emt 0:00:55]} Bxc5 {[%emt 0:00:53]} 31. bxc5 {[%emt 0:00:02]} Kd7 {[%emt 0:00:13]} 32. Kc3 {[%emt 0:00:31]} a5 {[%emt 0:00:45]} 33. Kb3 {[%emt 0:02:17]} Kc6 {[%emt 0:00:07]} 34. Ka4 {[%emt 0:00:03]} Kxc5 {[%emt 0:00:12]} 35. Kxa5 {[%emt 0:00:04]} Kc4 {[%emt 0:01:15]} 36. Kb6 {[%emt 0:00:17]} Kd3 {[%emt 0:00:32]} 37. Kc5 {[%emt 0:00:17]} Kxe3 {[%emt 0:00:33]} 38. Kxd5 {[%emt 0:00:08]} Kf3 {[%emt 0:00:11]} 39. a4 {[%emt 0:00:03]} Kg2 {[%emt 0:00:11]} 40. a5 {[%emt 0:00:03]} Kxh2 {[%emt 0:00:08]} 41. a6 {[%emt 0:30:03]} Kxg3 {[%emt 0:30:11]} 42. a7 {[%emt 0:00:03]} Kh2 {[%emt 0:01:16]} 43. a8=Q {[%emt 0:00:06]} g3 {[%emt 0:00:00]} 44. Qh8 {[%emt 0:00:00]} g2 {[%emt 0:00:00]} 45. Qxh7+ {[%emt 0:00:00]} Kg3 {[%emt 0:00:00]} 46. Qg6+ {[%emt 0:00:00]} Kf2 {[%emt 0:00:00]} 47. Qf5+ {[%emt 0:00:00]} Ke2 {[%emt 0:00:00]} 48. Qg4+ {[%emt 0:00:00]} Kf2 {[%emt 0:00:00]} 49. Qf4+ {[%emt 0:00:00]} Ke2 {[%emt 0:00:00]} 50. Qg3 {[%emt 0:00:00]} Kf1 {[%emt 0:00:00]} 51. Qf3+ {[%emt 0:00:00]} Kg1 {[%emt 0:00:00]} 52. Ke4 {[%emt 0:00:00]} Kh2 {[%emt 0:00:00]} 53. Qf2 {[%emt 0:00:00]} Kh1 {[%emt 0:00:00]} 54. Qh4+ {[%emt 0:00:00]} Kg1 {[%emt 0:00:00]} 55. Kf3 {[%emt 0:00:00]} Kf1 {[%emt 0:00:00]} 56. Qf2# 1-0

[Event "Skalica Open 2019"]
[Site "Skalica"]
[Date "2019.08.27"]
[Round "4.24"]
[White "Vlcek, Antonin"]
[Black "Palka, Miroslav"]
[Result "0-1"]
[WhiteElo "1686"]
[BlackElo "1869"]
[Annotator "NA"]
[PlyCount "80"]
[EventDate "2019.08.25"]
[EventType "swiss"]
[EventCountry "SVK"]
[SourceTitle "playchess.com"]
[Source "ChessBase"]
[SourceQuality "1"]
[TimeControl "40/5400+30:1800+30"]

1. e4 {[%emt 0:00:00]} c5 {[%emt 0:08:36]} 2. Nf3 {[%emt 0:00:00]} d6 {[%emt 0:00:19]} 3. d4 {[%emt 0:00:08]} cxd4 {[%emt 0:00:05]} 4. Nxd4 {[%emt 0:00:10]} Nf6 {[%emt 0:00:12]} 5. Nc3 {[%emt 0:00:15]} g6 {[%emt 0:00:07]} 6. Be2 {[%emt 0:01:05]} Bg7 {[%emt 0:00:04]} 7. Be3 {[%emt 0:00:13]} O-O {[%emt 0:01:30]} 8. Qd2 {[%emt 0:00:48]} Nc6 {[%emt 0:00:16]} 9. f3 {[%emt 0:01:24]} Nxd4 {[%emt 0:00:17]} 10. Bxd4 {[%emt 0:00:20]} Be6 {[%emt 0:00:30]} 11. O-O {[%emt 0:03:40]} Qa5 {[%emt 0:00:31]} 12. Rad1 {[%emt 0:01:38]} Rfc8 {[%emt 0:00:15]} 13. a3 {[%emt 0:07:27]} Bc4 {[%emt 0:00:30]} 14. Bxc4 {[%emt 0:05:01]} Rxc4 {[%emt 0:00:11]} 15. b3 {[%emt 0:04:33]} Nxe4 {[%emt 0:01:55]} 16. Nxe4 {[%emt 0:05:15]} Qxd2 {[%emt 0:00:12]} 17. Rxd2 {[%emt 0:02:05]} Rxd4 {[%emt 0:00:05]} 18. Rfd1 {[%emt 0:02:18]} Rxd2 {[%emt 0:00:08]} 19. Rxd2 {[%emt 0:00:10]} Rc8 {[%emt 0:00:09]} 20. c4 {[%emt 0:01:30]} Bh6 {[%emt 0:02:15]} 21. Rd3 {[%emt 0:01:37]} Rc6 {[%emt 0:02:58]} 22. Kf2 {[%emt 0:03:11]} a6 {[%emt 0:01:45]} 23. a4 {[%emt 0:02:24]} Bg7 {[%emt 0:01:04]} 24. f4 {[%emt 0:01:42]} h6 {[%emt 0:00:54]} 25. g4 {[%emt 0:00:38]} f5 {[%emt 0:00:46]} 26. gxf5 {[%emt 0:00:44]} gxf5 27. Ng3 e6 {[%emt 0:04:47]} 28. Nh5 {[%emt 0:01:28]} Kf7 {[%emt 0:00:21]} 29. h4 {[%emt 0:06:47]} Bf8 {[%emt 0:00:51]} 30. Ng3 {[%emt 0:01:58]} b5 {[%emt 0:00:43]} 31. cxb5 {[%emt 0:03:32]} axb5 {[%emt 0:00:14]} 32. axb5 {[%emt 0:00:34]} Rb6 {[%emt 0:00:08]} 33. Ne2 {[%emt 0:04:17]} Rxb5 {[%emt 0:00:29]} 34. Nd4 {[%emt 0:02:39]} Rd5 {[%emt 0:02:01]} 35. Ke2 {[%emt 0:01:34]} Bg7 {[%emt 0:00:57]} 36. Nf3 {[%emt 0:00:46]} Rxd3 {[%emt 0:00:53]} 37. Kxd3 {[%emt 0:00:11]} e5 {[%emt 0:00:51]} 38. Kc4 {[%emt 0:05:20]} e4 {[%emt 0:00:26]} 39. Nd4 {[%emt 0:00:32]} Bxd4 {[%emt 0:00:25]} 40. Kxd4 {[%emt 0:00:06]} Ke6 {[%emt 0:00:25]} 0-1

[Event "Skalica Open 2019"]
[Site "Skalica"]
[Date "2019.08.28"]
[Round "5.1"]
[White "Demidov, Mikhail"]
[Black "Maiorov, Nikita"]
[Result "1/2-1/2"]
[WhiteElo "2556"]
[BlackElo "2512"]
[Annotator "TA"]
[PlyCount "85"]
[EventDate "2019.08.25"]
[EventType "swiss"]
[EventCountry "SVK"]
[SourceTitle "playchess.com"]
[Source "ChessBase"]
[SourceQuality "1"]

{[%evp 11,85,3,10,0,0,0,7,0,0,0,10,0,0,0,1,0,0,-10,0,-18,0,-12,-7,0,-5,-15,0,-23,0,-8,0,-10,0,0,0,-13,-10,-11,6,0,12,21,29,40,36,29,30,31,27,21,29,11,41,0,15,0,23,21,44,14,53,0,8,3,48,32,63,0,0,0,0,0,0,0,0,0]} 1. Nf3 Nf6 2. g3 b6 3. Bg2 Bb7 4. O-O e6 5. d3 d5 6. c4 Be7 7. Qa4+ {A15: English Opening: 1...Nf6} Qd7 8. Qxd7+ Nbxd7 9. cxd5 Nxd5 10. Bd2 $146 ({Predecessor:} 10. Nc3 Nxc3 11. bxc3 e5 12. Be3 O-O-O 13. Ng5 Bxg5 14. Bxg5 Bxg2 15. Kxg2 {1-0 (68) Nguyen,N (2656)-Wei,Y (2376) Ho Chi Minh City 2012}) 10... O-O 11. Nc3 c5 12. Rfc1 Rac8 13. Nxd5 Bxd5 14. Ne1 Bxg2 15. Nxg2 Rfd8 16. Ne3 Ne5 17. Nc4 Nc6 18. Kf1 Kf8 19. Ke1 Ke8 20. Bc3 f6 21. a4 Rd7 22. f4 Kf7 23. Kf2 Rb8 24. Nd2 f5 25. Nf3 Bf6 26. a5 Ke7 27. axb6 axb6 28. Ra6 Kd8 29. h3 Kc7 30. Raa1 Kb7 31. g4 Rf8 (31... Re8 {is interesting.} 32. Ra3 h6 33. Rca1 Rd5 34. Ra4 Rf8) 32. Kg3 (32. g5 $5 {[%cal Rg5f6]} Bd8 33. Ne5 Nxe5 34. Bxe5 $11) 32... Nd4 33. Nxd4 Bxd4 34. Ra4 Rfd8 35. Kf3 g6 36. gxf5 (36. Rca1 $14) 36... gxf5 37. Bxd4 cxd4 $14 {[%mdl 4096] Endgame KRR-KRR} 38. h4 Rg8 39. h5 (39. Rca1 $14) 39... b5 $1 $11 {[%cal Rb5a4] The position is equal.} 40. Ra5 Kb6 41. b4 Rdg7 {[#] ( -> ...Rg2)} 42. Rc5 Rg2 {[%csl Gg2][%cal Rg8g3]} 43. Raxb5+ {Accuracy: White = 36%, Black = 33%.} ({Don't blunder} 43. Rcxb5+ $2 Kc6 $19) 1/2-1/2

[Event "Skalica Open 2019"]
[Site "Skalica"]
[Date "2019.08.28"]
[Round "5.2"]
[White "Pechac, Jergus"]
[Black "Pulpan, Jakub"]
[Result "1/2-1/2"]
[WhiteElo "2471"]
[BlackElo "2397"]
[Annotator "ChessBase"]
[PlyCount "95"]
[EventDate "2019.08.25"]
[EventType "swiss"]
[EventCountry "SVK"]
[SourceTitle "playchess.com"]
[Source "ChessBase"]
[SourceQuality "1"]
[TimeControl "40/5400+30:1800+30"]

1. d4 {[%emt 0:04:39]} Nf6 {[%emt 0:00:00]} 2. c4 {[%emt 0:00:10]} e6 {[%emt 0:00:12]} 3. Nc3 {[%emt 0:00:24]} d5 {[%emt 0:00:23]} 4. cxd5 {[%emt 0:00:07]} Nxd5 {[%emt 0:00:05]} 5. e4 {[%emt 0:00:12]} Nxc3 {[%emt 0:00:07]} 6. bxc3 {[%emt 0:00:08]} c5 {[%emt 0:00:10]} 7. Rb1 {[%emt 0:00:05]} Be7 {[%emt 0:00:33]} 8. Bb5+ {[%emt 0:00:05]} Nd7 {[%emt 0:02:02]} 9. a4 {[%emt 0:00:11]} O-O {[%emt 0:06:34]} 10. Nf3 {[%emt 0:00:05]} Nf6 {[%emt 0:11:17]} 11. Bd3 {[%emt 0:00:39]} b6 {[%emt 0:04:41]} 12. O-O {[%emt 0:00:09]} Bb7 {[%emt 0:00:37]} 13. Re1 {[%emt 0:00:20]} Qc7 {[%emt 0:05:49]} 14. g3 {[%emt 0:05:04]} Rad8 {[%emt 0:04:43]} 15. Qe2 {[%emt 0:04:05]} h6 {[%emt 0:11:37]} 16. Bd2 {[%emt 0:04:54]} Nd7 {[%emt 0:06:55]} 17. Rbc1 {[%emt 0:08:41]} Rfe8 {[%emt 0:02:44]} 18. h4 {[%emt 0:03:38]} Rc8 {[%emt 0:11:06]} 19. Ra1 {[%emt 0:08:06]} Bd6 {[%emt 0:06:46]} 20. Kh2 {[%emt 0:01:11]} cxd4 {[%emt 0:01:16]} 21. cxd4 {[%emt 0:01:30]} e5 {[%emt 0:00:24]} 22. d5 {[%emt 0:10:19]} Nc5 {[%emt 0:00:31]} 23. Be3 {[%emt 0:01:04]} Nxd3 {[%emt 0:05:23]} 24. Qxd3 {[%emt 0:00:03]} f5 {[%emt 0:00:12]} 25. a5 {[%emt 0:05:04]} fxe4 {[%emt 0:02:08]} 26. Qxe4 {[%emt 0:00:11]} Qf7 {[%emt 0:02:09]} 27. Red1 {[%emt 0:01:19]} b5 {[%emt 0:06:46]} 28. Bxa7 {[%emt 0:03:23]} Rc4 {[%emt 0:01:12]} 29. Qe3 {[%emt 0:00:03]} Bxd5 {[%emt 0:00:36]} 30. a6 {[%emt 0:04:42]} Bxf3 {[%emt 0:02:08]} 31. Rxd6 {[%emt 0:00:12]} Qh5 {[%emt 0:01:53]} 32. Kg1 {[%emt 0:00:22]} Rf8 {[%emt 0:00:49]} 33. Qb3 {[%emt 0:06:47]} Kh8 {[%emt 0:01:05]} 34. Rd3 {[%emt 0:00:02]} Qf5 {[%emt 0:02:44]} 35. Rxf3 {[%emt 0:00:48]} Qxf3 {[%emt 0:00:30]} 36. Qxf3 {[%emt 0:00:08]} Rxf3 {[%emt 0:00:03]} 37. Bb8 {[%emt 0:13:18]} Rcc3 {[%emt 0:00:32]} 38. Bd6 {[%emt 0:01:51]} Rc8 {[%emt 0:00:38]} 39. Bxe5 {[%emt 0:01:20]} b4 {[%emt 0:01:30]} 40. Ra4 {[%emt 0:01:28]} Ra3 {[%emt 0:00:22]} 41. Rxb4 {[%emt 0:30:23]} Rxa6 {[%emt 0:03:05]} 42. Rb7 {[%emt 0:00:00]} Rg6 {[%emt 0:00:53]} 43. Kg2 {[%emt 0:00:00]} Rc5 {[%emt 0:00:20]} 44. f4 {[%emt 0:00:00]} h5 {[%emt 0:00:18]} 45. Rf7 {[%emt 0:00:00]} Kg8 {[%emt 0:03:00]} 46. Rf5 {[%emt 0:00:00]} Rc2+ {[%emt 0:02:23]} 47. Kh3 {[%emt 0:00:00]} Re2 {[%emt 0:01:23]} 48. Rxh5 {[%emt 0:00:00]} 1/2-1/2

[Event "Skalica Open 2019"]
[Site "Skalica"]
[Date "2019.08.28"]
[Round "5.3"]
[White "Potapov, Pavel"]
[Black "Vykouk, Jan"]
[Result "1/2-1/2"]
[WhiteElo "2496"]
[BlackElo "2477"]
[Annotator "TA"]
[PlyCount "80"]
[EventDate "2019.08.25"]
[EventType "swiss"]
[EventCountry "SVK"]
[SourceTitle "playchess.com"]
[Source "ChessBase"]
[SourceQuality "1"]

{[%evp 12,80,-20,-28,-26,-27,-23,-15,-33,-28,-16,-8,-12,-33,-42,-33,-33,-55,-69,-63,-61,-66,-65,-65,-59,-62,-33,-97,-82,-87,-68,-62,-66,-64,-25,-25,-28,-27,-30,-83,-52,-51,-44,-74,-25,-31,7,0,9,9,11,-7,-2,-2,-2,-6,0,0,0,0,0,0,0,0,0,0,0,0,0,0,0]} 1. e4 e6 2. d4 d5 3. Nc3 Nf6 4. Bg5 Be7 5. Bxf6 Bxf6 6. Nf3 O-O 7. Qd2 c5 {C14: French: Classical System: 4 Bg5 Be7 main line} 8. dxc5 {[%cal Re4d5]} dxe4 9. Nxe4 Bxb2 10. Rb1 Qxd2+ 11. Nfxd2 $146 ({Predecessor:} 11. Kxd2 Bf6 12. Bb5 Be7 13. Rb3 b6 14. cxb6 axb6 15. a4 {0-1 (26) Rolen,M-Carlsson,P (2480) Taby 2007}) 11... Be5 12. Nc4 Bc7 13. Ned6 Nd7 14. Nxb7 Rb8 15. c6 Nc5 {[%cal Rc5b7][%mdl 64] [#] Pin} 16. Bd3 Nxb7 17. cxb7 Bxb7 18. O-O Bc6 19. f3 (19. Rb3 $15) 19... Rfc8 20. Ne3 Bb6 21. Kf2 Ba4 22. Ke2 Rc3 23. Rb4 Ra3 24. Rb2 Bc7 25. Rfb1 (25. Rxb8+ $11 Bxb8 26. g3 Rxa2 27. Rb1) 25... Rxb2 26. Rxb2 Be5 ({Stronger than} 26... Bxh2 27. Nc4 $16) 27. Rb4 Bxh2 {And now ...g6 would win.} 28. f4 {[#] Rb8+ would kill now.} g6 {Threatens to win with ...Bg1.} (28... g5 $5 29. fxg5 Bd6 $15) 29. Kf2 {The position is equal.} e5 30. g3 $1 exf4 ({But not} 30... Rxa2 $6 31. fxe5 Bd7 32. Kg2 $16) 31. gxf4 g5 32. fxg5 Rxa2 33. Bc4 Ra1 34. Rb7 Bg1+ 35. Ke2 {aiming for Nf5.} Bxe3 $1 36. Kxe3 Bxc2 37. Rxf7 Ra4 38. Bd5 {Black must now prevent Rc7+.} Ra5 39. Bc4 Ra4 40. Bd5 {Rc7+ is the strong threat.} Ra5 {Accuracy: White = 66%, Black = 68%.} 1/2-1/2

[Event "Skalica Open 2019"]
[Site "Skalica"]
[Date "2019.08.28"]
[Round "5.4"]
[White "Danada, Tomas"]
[Black "Czebe, Attila"]
[Result "1-0"]
[WhiteElo "2266"]
[BlackElo "2413"]
[Annotator "TA"]
[PlyCount "63"]
[EventDate "2019.08.25"]
[EventType "swiss"]
[EventCountry "SVK"]
[SourceTitle "playchess.com"]
[Source "ChessBase"]
[SourceQuality "1"]

{[%evp 18,63,18,15,16,25,23,18,13,7,34,47,37,34,40,33,56,61,60,53,110,75,169,170,143,169,224,213,424,437,768,516,532,531,577,565,572,574,549,561,725,729,720,719,987,925,1610,683]} 1. d4 Nf6 2. c4 e6 3. Nc3 Bb4 4. e3 O-O 5. Bd2 b6 6. Nf3 Bb7 7. Be2 d6 8. O-O Nbd7 9. a3 Bxc3 10. Bxc3 Ne4 {E21: Nimzo-Indian: 4 Nf3} 11. Be1 (11. Rc1 Qe7 12. Be1 c5 13. Nd2 f5 14. f3 Nef6 15. Nb1 Rfd8 16. dxc5 dxc5 17. Qc2 Nf8 18. Bf2 Rd7 19. Rfd1 Rad8 {½-½ (39) Sobek,J (2324)-Talla,V (2421) Karvina 2014}) 11... Qf6 $146 ({Predecessor:} 11... h6 12. Nd2 Qg5 13. Nxe4 Bxe4 14. Bf3 Qg6 15. Bxe4 Qxe4 16. Bc3 d5 17. b3 Rac8 18. Qe2 {0-1 (68) Repasky,K (1857)-Urhegyi,F (1826) Slovakia 2019}) 12. Nd2 Nxd2 {The position is equal.} 13. Bxd2 Qg6 {[%csl Gb7][%cal Rg6g2] [#]} 14. f3 c5 15. Rc1 d5 16. dxc5 bxc5 17. b4 {[%cal Bb2b4,Bb4c5,Bc5c6,Bc6c7][%mdl 32]} dxc4 18. bxc5 Rfc8 (18... Ne5 $14) 19. Rxc4 Ba6 {[#]} (19... e5 $16 {keeps fighting.}) 20. c6 $1 $36 {[%mdl 2048] White is really pushing.} Ne5 21. Rc5 Nd3 (21... Bxe2 $142 22. Qxe2 Nxc6) 22. Rc3 Rab8 $2 (22... Nb2 23. Qe1 Nd3) 23. c7 {White is clearly winning.} Rb2 (23... Ra8 $142 24. Bc1 Qf6) 24. Bc1 Rxe2 25. Qxe2 Nf4 26. Qd2 {Intending Qd8+ and mate.} Ne2+ 27. Kh1 {Qd8+ would kill now.} h6 28. Rc6 Ng3+ 29. hxg3 Bxf1 30. Qd8+ Kh7 31. Qxc8 Qd3 32. Qg8+ {[%mdl 64] Clearance, Promotion. Accuracy: White = 92%, Black = 36%.} 1-0

[Event "Skalica Open 2019"]
[Site "Skalica"]
[Date "2019.08.28"]
[Round "5.5"]
[White "Kuznetsov, Mikhail V."]
[Black "Lanka, Zigurds"]
[Result "1/2-1/2"]
[WhiteElo "2261"]
[BlackElo "2395"]
[Annotator "TA"]
[PlyCount "35"]
[EventDate "2019.08.25"]
[EventType "swiss"]
[EventCountry "SVK"]
[SourceTitle "playchess.com"]
[Source "ChessBase"]
[SourceQuality "1"]

{[%evp 19,35,27,32,6,12,0,0,-10,-6,-10,5,0,0,0,29,-101,-35,-48]} 1. d4 Nf6 2. Nf3 g6 3. g3 Bg7 4. Bg2 d5 5. O-O O-O 6. c4 dxc4 7. Na3 c3 8. bxc3 c5 9. e3 Nc6 10. Qe2 Bf5 11. Rd1 {D77: Fianchetto Grünfeld: 6 0-0: Replies other than 6...c6} Qb6 12. Nc4 Qa6 13. Bf1 {The position is equal.} Ne4 (13... Rfd8 14. a4 Rac8 15. Bb2 b6 16. h3 h5 17. d5 Na5 18. Nxa5 Qxe2 19. Bxe2 bxa5 {½-½ (41) Melkumyan,H (2633)-Salem,A (2638) Riadh 2017}) 14. Bb2 Na5 15. Nxa5 $146 ({Predecessor:} 15. Nfe5 b5 16. Nxa5 Qxa5 17. Bg2 Bxe5 18. dxe5 h5 {1-0 (38) Matnadze,A (2324)-Melia,S (2222) Tbilisi 2002}) 15... Qxa5 16. Nh4 Be6 17. f3 (17. c4 $11 {remains equal.}) 17... cxd4 (17... Nxc3 $17 18. Qe1 cxd4 19. Rxd4 Rfc8) 18. cxd4 1/2-1/2

[Event "Skalica Open 2019"]
[Site "Skalica"]
[Date "2019.08.28"]
[Round "5.6"]
[White "Manik, Mikulas"]
[Black "Matejovic, Juraj"]
[Result "1-0"]
[WhiteElo "2374"]
[BlackElo "2237"]
[Annotator "TA"]
[PlyCount "45"]
[EventDate "2019.08.25"]
[EventType "swiss"]
[EventCountry "SVK"]
[SourceTitle "playchess.com"]
[Source "ChessBase"]
[SourceQuality "1"]

{[%evp 16,53,8,-2,0,-5,0,-3,0,-14,-2,0,53,52,61,31,83,69,83,26,84,12,160,197,219,217,225,221,230,221,212,127,642,639,779,471,666,663,617,630]} 1. e4 c5 2. Nf3 e6 3. d4 cxd4 4. Nxd4 Nc6 5. Nc3 Nf6 6. Be2 Bb4 7. O-O Bxc3 8. bxc3 Nxe4 9. Qd3 d5 {B45: Sicilian Four Knights} 10. Ba3 Qa5 (10... f5 11. f3 Nxd4 12. Qxd4 Nf6 13. c4 Kf7 14. cxd5 exd5 15. g4 Re8 16. Bd3 fxg4 17. fxg4 {½-½ (34) Hou,Y (2590)-Zhang,P (2638) Xinghua Jiangsu 2009}) 11. Nb5 a6 {The position is equal.} 12. Nd6+ Nxd6 13. Bxd6 Qd8 (13... Ne7 $11) 14. Qg3 $14 Qf6 15. f4 Qg6 (15... h5 $14) 16. Qf2 $146 ({Predecessor:} 16. Qe3 Qe4 {½-½ (18) Leis,S (1878)-Erlbeck,P (2018) Zirndorf 2016}) 16... Qxc2 17. f5 ({Better is} 17. Rad1 $16) 17... Qxc3 (17... Qxf5 $11 18. Qg3 Qg6) 18. Rad1 $1 {[%cal Ba1d1,Bd1d5,Bd5d2][%mdl 32]} Qf6 (18... exf5 $11 {remains equal.} 19. Qb6 Be6) 19. Qc5 {fxe6 is the strong threat.} exf5 20. Rxd5 Be6 {[#]} 21. Rd2 $1 Qd8 22. Bf3 Rc8 {[#] With the idea ...Na5.} 23. Rfd1 {Played: Rf1-e1} 1-0

[Event "Skalica Open 2019"]
[Site "Skalica"]
[Date "2019.08.28"]
[Round "5.7"]
[White "Komliakov, Viktor"]
[Black "Aleksandrovskiy, Dmitriy"]
[Result "1/2-1/2"]
[WhiteElo "2366"]
[BlackElo "2284"]
[Annotator "TA"]
[PlyCount "38"]
[EventDate "2019.08.25"]
[EventType "swiss"]
[EventCountry "SVK"]
[SourceTitle "playchess.com"]
[Source "ChessBase"]
[SourceQuality "1"]

{[%evp 21,27,6,12,0,3,7,1,0]} 1. e4 e5 2. Nf3 Nc6 3. d4 exd4 4. Nxd4 Nf6 5. Nc3 Bb4 6. Nxc6 bxc6 7. Bd3 d5 8. exd5 cxd5 9. O-O O-O 10. Bg5 c6 11. Qf3 Be6 {The position is equal.} 12. Bxf6 {C47: Scotch Four Knights and Four Knights with 4 g3} (12. Ne2 h6 13. Bxf6 Qxf6 14. Qxf6 gxf6 15. Ng3 Bd6 16. Nf5 Bxf5 17. Bxf5 Rab8 18. b3 c5 19. Rad1 d4 {½-½ (31) Filippov,A (2592)-Vokhidov,S (2399) Almaty 2017}) 12... Qxf6 13. Qxf6 gxf6 14. Ne2 {Predecessor:} Bd6 $146 15. Nd4 c5 16. Nxe6 fxe6 17. c4 d4 18. f4 f5 19. Rae1 Kf7 {½-½ (35) Terletsky,O (2263)-Plichta,K (2336) Lvov 2016} 1/2-1/2

[Event "Skalica Open 2019"]
[Site "Skalica"]
[Date "2019.08.28"]
[Round "5.8"]
[White "Kapusta, Petr"]
[Black "Sahidi, Samir"]
[Result "0-1"]
[WhiteElo "2157"]
[BlackElo "2366"]
[Annotator "TA"]
[PlyCount "142"]
[EventDate "2019.08.25"]
[EventType "swiss"]
[EventCountry "SVK"]
[SourceTitle "playchess.com"]
[Source "ChessBase"]
[SourceQuality "1"]

{[%evp 23,144,0,0,0,7,0,6,12,5,14,17,6,0,0,40,41,104,105,108,108,112,112,112,112,111,105,100,0,0,0,0,-17,-18,-23,-19,-22,0,-4,-4,-4,-4,-4,-3,-2,0,0,-2,-41,-42,-42,-39,-47,-18,-40,-44,-40,0,0,0,0,0,0,0,0,0,0,0,0,0,0,0,0,0,0,0,0,0,0,0,0,0,0,0,0,0,-133,-162,-238,-238,-217,-215,-76,-60,-68,-77,-5527,-2624,-3167,-5280,-1445,-98,-29963,-29953,-12833,-5427,-3944,-3089,-29980,-29980,-29981,-29982,-29982,-29983,-29983,-29984,-29984,-29985,-29985,-29986,-29986,-29987,-29987,-29988]} 1. e4 c5 2. Nf3 d6 3. d4 cxd4 4. Nxd4 Nf6 5. Nc3 a6 6. Be2 e5 7. Nb3 Be7 8. O-O Be6 9. Kh1 O-O 10. f4 exf4 11. Bxf4 Nc6 12. Qe1 Nd7 13. Rd1 {B92: Sicilian Najdorf: 6 Be2} Nce5 (13... Nde5 14. Qg3 Re8 15. Nd5 Bh4 16. Qc3 Ng6 17. Be3 Bxd5 18. exd5 Nb4 19. Bg4 Nxa2 20. Qd2 Nb4 {½-½ (53) Arenas Vanegas,D (2427)-Bacallao Alonso,Y (2530) Havana 2011}) 14. Nd4 Re8 15. Nf5 {The position is equal.} Bxf5 16. exf5 Rc8 17. Qg3 Bh4 $146 ({Predecessor:} 17... Kh8 18. Bf3 Qb6 19. Bc1 Nf6 20. Bd5 Bf8 {½-½ (43) Schippers,M (2218)-Meissner,F (2287) Groningen 2016}) 18. Qh3 Rc6 19. Ne4 Be7 (19... Nb6 $14) 20. f6 $16 Nxf6 21. Bxe5 $1 Nxe4 {[#]} 22. Bxg7 $1 {[%mdl 512] And now Bd3 would win.} Ng5 ({And not} 22... Kxg7 23. Rxf7+ $1 {[%mdl 512]} Kxf7 24. Qxh7+ Kf6 25. Rf1+ (25. Qxe4 Rh8 $15) 25... Ke5 26. Qf5+ Kd4 27. Rd1+ Nd2 28. Qf4+ Kd5 29. Rxd2+ Ke6 30. Bg4#) 23. Qh5 $1 ({Wrong is} 23. Qh6 $2 d5 $19) 23... Kxg7 24. h4 Rf8 25. hxg5 (25. Rf5 $1 $16) 25... Bxg5 $11 26. Bd3 {[%csl Gd3][%cal Rh5h7]} h6 27. Be4 Rc4 28. Qe2 $1 {[%cal Re2c4]} b5 {...Re8 is the strong threat.} 29. b3 Rc3 30. Qg4 $132 {[%mdl 2048] Threatening mate with Qf5. White is not keeping still} Rc5 31. Rd5 Rxd5 32. Bxd5 Qe7 33. c4 Qe5 34. Qd7 {[%cal Rf1f7]} Bf6 35. Qg4+ (35. g3 $5) 35... Qg5 36. Qxg5+ hxg5 $15 {[%mdl 4096] Endgame KRB-KRB} 37. g3 bxc4 38. Bxc4 Be5 39. Kg2 f5 40. b4 Rc8 41. Bxa6 Rc2+ 42. Rf2 Rxf2+ 43. Kxf2 $11 {KB-KB} Bc3 44. b5 Bd4+ 45. Ke2 Kf6 46. Bc8 Ke5 47. a4 Bb6 48. Kd3 g4 49. Bd7 d5 50. Bc8 Bf2 51. Ke2 Bb6 52. Kd3 Bc7 53. Ke2 Kf6 54. Bd7 (54. Kf2 $11 {keeps the balance.}) 54... Bxg3 $17 55. b6 (55. a5 {keeps fighting.} Bd6 56. b6) 55... Bd6 $1 $19 56. a5 {aiming for a6.} Bc5 57. Bc6 ({Better is} 57. Kd2 $19 Bb4+ 58. Ke2 Bxa5 59. b7) 57... Ke5 $17 {White must now prevent ...f4.} 58. Bd7 Ke4 59. Bc8 $2 {[%mdl 8192]} (59. Be6 $17) 59... g3 $19 60. b7 Ba7 ({Weaker is} 60... g2 61. b8=Q $17) 61. Bd7 Bb8 $1 62. a6 $2 {[%mdl 8192]} (62. Be6 $17) 62... Ba7 $1 63. Be8 Kf4 64. Bc6 d4 $1 65. Bg2 Kg4 $1 {Black mates.} 66. Kd3 f4 $1 {[%cal Rf4f3]} 67. Ke4 {[#]} d3 $1 {[%cal Rd3d2][%mdl 512]} 68. Bf3+ {[#]} (68. Kxd3 f3) 68... Kh3 $1 69. Kxf4 {[#]} d2 $1 70. b8=Q Bxb8+ 71. Ke3 {[#]} d1=R {Played: d2-d1Q} 0-1